000
00245nam a22001097a 4500
999
_c
158305
_d
158305
082
_a
_b
100
_a
245
_a
Samakalika niroopanathinte vyathyastha mukhangal/
_c
260
_a
Thrissur:
_b
Current,
_c
1995.
650
_a
942
_c
BK